Countries with High Speed Rail Service - Statistics

General Stats
  • This quiz has been taken 81 times
  • The average score is 23 of 26
Answer Stats
Continent Country Length % Correct
Europe France 2,471
100%
Europe United Kingdom 1,195
100%
Asia China 23,566
99%
Europe Germany 1,959
99%
Europe Russia 501
99%
Asia Japan 1,718
97%
Europe Spain 2,615
97%
North America United States 187
96%
Europe Italy 1,254
94%
Europe Poland 219
94%
Europe Netherlands 78
93%
Europe Sweden 1,060
93%
Europe Belgium 220
92%
Europe Norway 87
92%
Europe Switzerland 31
90%
Europe Finland 388
89%
Asia South Korea 742
89%
Africa Morocco 116
88%
Asia Turkey 694
88%
Europe Austria 120
86%
Europe Denmark 3
86%
Asia Taiwan 216
85%
Europe Greece 435
82%
Asia Saudi Arabia 281
82%
Europe Portugal 141
69%
Asia Uzbekistan 373
56%
No matching quizzes found
Score Distribution
Percent of People with Each Score
Percentile by Number Answered
Your Score History
You have not taken this quiz